| 000 | 00970nam a2200277 i 4500 | ||
|---|---|---|---|
| 003 | EG-GICUC | ||
| 005 | 20260414094656.0 | ||
| 008 | 260414s1967 ||| |||fr|||| 00| 0 fre d | ||
| 040 |
_aEG-GiCUC _bfre _cEG-GiCUC _dEG-GiCUC _eRda |
||
| 082 | 0 | 4 |
_221 _a343.313 _bHI . O |
| 092 | 0 | 4 | _221 |
| 099 | _aLaw1 10 343.313 HI . O 1967 | ||
| 100 | 1 |
_aHilatbe, Joan-pierre Delmas Caint _eAuteur |
|
| 245 | 1 | 3 |
_aLa Orine Du Principe De La Legalite Des Deltts Tca Deo Pei / _cJoan-pierre Delmas Caint Hilatbe. |
| 264 | 1 |
_a[Lieu De Publication Non Précisé] : _b[Éditeur Non Spécifié], _c1967. |
|
| 300 |
_a317 page ; _c 24 cm. |
||
| 336 |
_2rda contenu _a texte |
||
| 337 |
_2rda medias _aOrdinateur |
||
| 338 |
_2 transporteur rda _a Ressource en ligne |
||
| 650 | 1 |
_aLégitimité Procédurale _2qrmak |
|
| 650 | 1 |
_aDroit Do Pénal _2qrmak |
|
| 651 | 1 | _2qrmak | |
| 856 | 4 | 0 | _uhttps://fll.law.cu.edu.eg/fulltext/bks/B10-09304.pdf |
| 905 | _a54 | ||
| 942 |
_2ddc _cBK _e21 _n0 |
||
| 999 |
_c70757 _d70757 |
||